000 00433nam a2200181Ia 4500
001 605
005 20260306140530.0
008 260306t2021||||xx |||||||||||||| ||spa||
041 _aESP
082 _a128
_bP75Q
100 _aPolo, Leonardo
_eAUT
245 0 _aQuién es el hombre :
_bun espíritu en el tiempo
260 _c2021
300 _a261 páginas :
_c21 cm.
650 _aGEN
654 _aCHU
942 _cLIB
_dJUS
_fJUS
_2ddc
_n
999 _c605
_d605